LEADER 01236nam a2200265 i 4500 001 000000138871 003 CaOOAMICUS 005 20140721000000.0 008 140721s2014 it u000 u mul u 013 $a112826 020 $a978-88-88745-49-7 040 $aSeMil$bita 100 1 $aScotto di Tella, Luca.$0(OLS)http://semarc/name/56164 245 13$aIl buddismo fra storia, arte, medicina e bioetica /$cLuca Scotto di Tella de' Douglas, Aldo Colleoni. 260 $aTrieste :$bEdizioni Goliardiche,$c2014. 300 $a716 p. :$bill. ;$c21 cm. 500 $aContiene : Autobiografia del venerabile Lama Sherab Gyaltsen ; Glossario e Piccolo dizionario buddista. 650 4$aBuddismo.$0(OLS)http://semarc/subject/909 650 4$aBuddismo - Enciclopedie e dizionari.$0(OLS)http://semarc/subject/1942 700 1 $aColleoni, Aldo.$0(OLS)http://semarc/name/56165 850 $aSeMil 852 $aSeMil$W1$xVenegono$y1$m2R IV 239$j92312$B92312$CSeMilBibl$Z2$F97511 $81 996 $6020$a978-88-88745-49-7$9(OLS)http://semarc/number/126802 996 $6245$aIl buddismo fra storia, arte, medicina e bioetica$9(OLS)http://semarc/title/202953 996 $6260$aTrieste :$bEdizioni Goliardiche$9(OLS)http://semarc/publisher/47164 LEADER 01400nam a2200241 4500 001 000000346699 003 CaOOAMICUS 005 20250211111805.0 008 210621s1912 it 000 u ita r 040 $aSeMil$bita 100 1 $aItalia :$bCorte di appello,$c.$0(OLS)http://semarc/name/114137 245 10$aDiscorso con relazione statistica letto dal procuratore generale Comm. Girolamo Nicora nell'Assemblea del 6 novembre 1912 per l'inaugurazione dell'anno giudiziario 1912-1913. 246 1 $aInaugurazione dell'anno giuridico 1912-1913 264 1$aMilano :$bPremiata Scuola Tipografica Salesiana,$c1912. 300 $a31 p. ;$c24 cm 650 4$aMilano - Distretto della Corte d'appello - Giustizia - Discorsi.$0(OLS)http://semarc/subject/57114 700 1 $aNicora, Girolamo.$0(OLS)http://semarc/name/114145 850 $aSeMil 852 $aSeMil$W1$xVenegono$y1$m5A VI 1/12$j226961$B237778$CSeMilBibl$Z2$F237778 $81 996 $6245$aDiscorso con relazione statistica letto dal procuratore generale Comm. Girolamo Nicora nell'Assemblea del 6 novembre 1912 per l'inaugurazione dell'anno giudiziario 1912-1913$9(OLS)http://semarc/title/435906 996 $6246$aInaugurazione dell'anno giuridico 1912-1913$9(OLS)http://semarc/title/435907 996 $6264$aMilano :$bPremiata Scuola Tipografica Salesiana$9(OLS)http://semarc/publisher/35764